| 000 | 00990nam a2200217 i 4500 | ||
|---|---|---|---|
| 001 | 181819 | ||
| 003 | ES-MaACL | ||
| 005 | 20230906221448.0 | ||
| 008 | 130401s1933 sp |||| | spa d | ||
| 100 | 1 |
_aQuintero Atauri, Pelayo. _994723 |
|
| 245 | 1 | 0 |
_aExcavaciones de Cádiz _b: memoria de los trabajos realizados en dichas excavaciones / _cpor el delegado-director Don Pelayo Quintero Atauri. |
| 260 |
_aMadrid : _b[s.n.], _c1933 ( _fTip. de Archivos) |
||
| 300 |
_a15 p., [3] h. pleg. de map. [11] h. de lám. : _bil. ; _c24 cm. |
||
| 490 | 1 |
_aJunta Superior de Excavaciones y Antigüedades ; _v122 = n. 1, 1932 |
|
| 650 | 4 |
_aExcavaciones arqueológicas- _zCádiz (Provincia) _9142223 |
|
| 651 | 4 |
_aCádiz (Provincia)- _xRestos arqueológicos. _9152516 |
|
| 710 | 2 |
_aEspaña. _bJunta Superior de Excavaciones y Antigüedades. _9152463 |
|
| 830 | 0 |
_aJunta Superior de Excavaciones y Antigüedades ; _v122 = n. 1, 1932 _9191570 |
|
| 852 |
_aES-MaACL _jE-3381(2) |
||
| 999 |
_c181819 _d181819 |
||